Normal view
MARC view
- Choudhary P B (2K4214)
Entry Personal Name
001 - CONTROL NUMBER
- control field: 118953
003 - CONTROL NUMBER IDENTIFIER
- control field: OSt
005 - DATE AND TIME OF LATEST TRANSACTION
- control field: 20230128171338.0
008 - FIXED-LENGTH DATA ELEMENTS
- fixed length control field: 230128|| aca||aabn | a|a d
040 ## - CATALOGING SOURCE
- Original cataloging agency: OSt
- Transcribing agency: OSt
100 ## - HEADING--PERSONAL NAME
- Personal name: Choudhary P B (2K4214)
670 ## - SOURCE DATA FOUND
- Source citation: Work cat.: (OSt)97251: Choudhary P B (2K4214), On - Line Complain Tarck System, 2006